Statistics for The Walking Dead Characters - By A One Word Clue

Click here to take the quiz!

General Stats

  • This quiz has been taken 703 times
  • The average score is 20 of 25

Answer Stats

HintAnswer% Correct
LeaderRick
100%
SonCarl
99%
CrossbowDaryl
97%
SophiaCarol
96%
FarmHershel
94%
PizzaGlenn
93%
MotherLori
93%
WidowMaggie
92%
CampervanDale
90%
SwordMichonne
90%
BatNegan
89%
LesbianTara
89%
PriestGabriel
88%
GingerAbraham
85%
EyepatchGovernor
85%
GayAaron
84%
KingdomEzekiel
84%
CureEugene
75%
DaughterJudith
72%
HilltopGregory
67%
TerminusGareth
63%
IronDwight
60%
LegBob
59%
MoustacheSimon
53%
ArrowedDenise
44%

Score Distribution

Percentile by Number Answered

Percent of People with Each Score

Your Score History

You have not taken this quiz